00670nam a2200205 i 4500001001100000003000500011005001700016008004100033040002500074082002100099100002800120245009100148264004800239300002400287336002100311337002500332338002300357500003600380650004800416C2-0244314PPAK20180727205610.0021124s1985 my |||| ||||| | may d aPPAKbengcPPAKerda04a377.095951222230 aMazlan Yusoff, eauthor10aMaktab Mahmud Alor Setar : bsejarah penubuhan dan organisasi pentadbirannya 1936-1980 1aKuala Lumpur : bUniversiti Malaya , c1985 a141 pages ; c30 cm 2rdacontentatext 2rdamediaaunmediated 2rdacarrieravolume aTesis - Tidak boleh difotokopi.10aIslamic - Universities and colleges - Kedah